Statistics for Three Cities, One Country, No Capitals

Click here to take the quiz!

General Stats

  • This quiz has been taken 111 times
  • The average score is 12 of 15

Answer Stats

CitiesCountries% Correct
Salvador, Rio de Janeiro, Sao PauloBrazil
100%
Lyon, Toulouse, NiceFrance
100%
Guangzhou, Shenzhen, TianjinChina
99%
Naples, Milan, TurinItaly
99%
Antwerp, Charleroi, GhentBelgium
96%
Alexandria, Gizeh, Shubra El-KheimaEgypt
96%
Fes, Sale, MarakeshMorocco
96%
Juárez, Leon, GuadalajaraMexico
95%
Thessaloniki, Patras, LarissaGreece
93%
Porto, Braga, Vila Nova de GaiaPortugal
90%
Battambang, Siem Reap, SihanoukvilleCambodia
61%
Santa Cruz, El Alto, CochabambaBolivia
58%
Tiraspol, Bălţi, BenderMoldova
41%
Mwanza, Arusha, MbeyaTanzania
32%
Toamasina , Antsirabe, FianarantsoaMadagascar
22%

Score Distribution

Percentile by Number Answered

Percent of People with Each Score

Your Score History

You have not taken this quiz